[Event "ISR-chT"]
[Site "Israel"]
[Date "1999.04.02"]
[Round "6"]
[White "Segal, Anna"]
[Black "Potikha, Liza"]
[Result "1-0"]
[WhiteElo "2250"]
[BlackElo "2051"]
[PlyCount "73"]
[EventDate "1999.01.??"]
[EventType "team"]
[EventRounds "11"]
[EventCountry "ISR"]
[SourceTitle "EXT 2000"]
[Source "ChessBase"]
[SourceDate "1999.11.16"]
[SourceVersion "1"]
[SourceVersionDate "1999.11.16"]
[SourceQuality "1"]

1. e4 e5 2. Nf3 Nc6 3. d4 exd4 4. Nxd4 Nf6 5. Nc3 Bb4 6. Nxc6 bxc6 7. Bd3 d5 8. exd5 cxd5 9. 0-0 0-0 10. Bg5 Be6 11. Qf3 Be7 12. h3 c5 13. Rfd1 Rb8 14. b3 d4 15. Ne4 Nxe4 16. Qxe4 g6 17. Bxe7 Qxe7 18. Re1 Qd6 19. h4 Bd5 20. Qe5 Qc6 21. h5 Rbe8 22. Qg5 Re6 23. Bf5 h6 24. Qg4 Rf6 25. Bd3 g5 26. Re5 Rf4 27. Rxg5+ hxg5 28. Qxg5+ Kh8 29. Qxf4 Rg8 30. g3 Qe6 31. Bf5 Qf6 32. Re1 Be6 33. Re5 Rg5 34. g4 Bxf5 35. Rxf5 Rxf5 36. gxf5 Kg7 37. Kg2 1-0

[Event "ISR-ch (Women)"]
[Site "Ramat Aviv"]
[Date "1998.11.12"]
[Round "3.2"]
[White "Pitam, Ella"]
[Black "Segal, Anna"]
[Result "1-0"]
[WhiteElo "2330"]
[BlackElo "2245"]
[PlyCount "43"]
[EventDate "1998.11.08"]
[EventType "k.o."]
[EventRounds "4"]
[EventCountry "ISR"]
[SourceTitle "CBM 067 Extra"]
[Source "ChessBase"]
[SourceDate "1999.01.01"]
[SourceVersion "1"]
[SourceVersionDate "1999.01.01"]
[SourceQuality "1"]

1. c4 e5 2. Nc3 Nc6 3. Nf3 d6 4. d4 exd4 5. Nxd4 g6 6. Nxc6 bxc6 7. g3 Bg7 8. Bg2 Bd7 9. 0-0 Ne7 10. Bf4 Be6 11. Qa4 Qd7 12. Rad1 0-0 13. e4 Qc8 14. c5 dxc5 15. Qa3 Bc4 16. Rfe1 Bd4 17. Na4 Qa6 18. Rxd4 cxd4 19. Qxe7 Qxa4 20. Qf6 Qa5 21. b4 Qxb4 22. Rc1 1-0

[Event "Olympiad Women-33"]
[Site "Elista"]
[Date "1998.10.04"]
[Round "6"]
[White "Segal, Anna"]
[Black "Ungure, Liga"]
[Result "0-1"]
[WhiteElo "2245"]
[BlackElo "2110"]
[PlyCount "106"]
[EventDate "1998.09.29"]
[EventType "team-swiss"]
[EventRounds "13"]
[EventCountry "RUS"]
[SourceTitle "CBM 066 Extra"]
[Source "ChessBase"]
[SourceDate "1998.11.06"]
[SourceVersion "1"]
[SourceVersionDate "1998.11.06"]
[SourceQuality "1"]

1. e4 c5 2. Nf3 d6 3. d4 cxd4 4. Nxd4 Nf6 5. Nc3 Nc6 6. Bg5 e6 7. Qd2 Be7 8. 0-0-0 0-0 9. f4 h6 10. Bh4 e5 11. Nxc6 bxc6 12. fxe5 dxe5 13. Qxd8 Rxd8 14. Rxd8+ Bxd8 15. Bc4 Bg4 16. h3 Bh5 17. g4 Bg6 18. Rd1 Ba5 19. Bxf6 Bxc3 20. bxc3 gxf6 21. Rd7 Kg7 22. Bd3 h5 23. gxh5 Bxh5 24. Ba6 Bf3 25. Bb7 Rh8 26. Bxc6 f5 27. Rxa7 Bxe4 28. Bxe4 fxe4 29. Kd2 Kg6 30. a4 f5 31. a5 f4 32. a6 Rxh3 33. Re7 Rh2+ 34. Kd1 Rh1+ 35. Kd2 Kf6 36. a7 Ra1 37. Rh7 Ke6 38. c4 Kd6 39. Rf7 Kc5 40. Re7 Kd4 41. Rd7+ Kxc4 42. Rc7+ Kd4 43. Rd7+ Kc5 44. Re7 Kd6 45. Rb7 Ra3 46. Ke2 Ra2 47. Kd2 Kd5 48. Rd7+ Ke6 49. Rc7 e3+ 50. Kd3 e4+ 51. Ke2 Ra3 52. Kd1 f3 53. Kc1 e2 0-1

[Event "Olympiad Women-33"]
[Site "Elista"]
[Date "1998.10.03"]
[Round "5"]
[White "Petrenko, Svetlana"]
[Black "Segal, Anna"]
[Result "0-1"]
[WhiteElo "2230"]
[BlackElo "2245"]
[PlyCount "110"]
[EventDate "1998.09.29"]
[EventType "team-swiss"]
[EventRounds "13"]
[EventCountry "RUS"]
[SourceTitle "CBM 066 Extra"]
[Source "ChessBase"]
[SourceDate "1998.11.06"]
[SourceVersion "1"]
[SourceVersionDate "1998.11.06"]
[SourceQuality "1"]

1. e4 e5 2. Nf3 Nc6 3. Bc4 Nf6 4. d3 Be7 5. c3 0-0 6. 0-0 d6 7. h3 h6 8. Re1 Nh7 9. Nbd2 Ng5 10. Nxg5 Bxg5 11. Nf3 Bxc1 12. Rxc1 Qf6 13. d4 Ne7 14. Bf1 Ng6 15. g3 Be6 16. Bg2 a5 17. c4 c5 18. dxc5 dxc5 19. Qd6 Rfc8 20. Qb6 Qe7 21. Red1 Rc6 22. Qb3 a4 23. Qc3 Qc7 24. Rd3 Rb6 25. Rcd1 Rb4 26. b3 axb3 27. axb3 b5 28. Nd2 Rb8 29. Bf1 bxc4 30. Nxc4 Kh7 31. Rc1 Bxc4 32. bxc4 Rb1 33. Rxb1 Rxb1 34. Rd5 Qb6 35. Qe3 Qb2 36. Kg2 Qa1 37. Qd3 Nf8 38. Rxc5 Rd1 39. Qe2 Re1 40. Qd3 Rd1 41. Ra5 Qc1 42. Qe2 Ne6 43. Rxe5 Nd4 44. Qe3 Qxe3 45. fxe3 Rd2+ 46. Be2 Rxe2+ 47. Kf1 Rxe3 48. Kf2 Re2+ 49. Kf1 Rc2 50. Re7 Kg6 51. Rd7 Ne6 52. c5 Rxc5 53. h4 h5 54. Kf2 Re5 55. Kf3 Rxe4 0-1

[Event "Wch U26 (Women)"]
[Site "Rotterdam"]
[Date "1998.08.17"]
[Round "6"]
[White "Grabics, Monika"]
[Black "Segal, Anna"]
[Result "1/2-1/2"]
[WhiteElo "2355"]
[BlackElo "2245"]
[PlyCount "57"]
[EventDate "1998.08.??"]
[EventType "swiss"]
[EventRounds "9"]
[EventCountry "NED"]
[SourceTitle "EXT 1999"]
[Source "ChessBase"]
[SourceDate "1998.11.16"]
[SourceVersion "1"]
[SourceVersionDate "1998.11.16"]
[SourceQuality "1"]

1. e4 c5 2. Nf3 d6 3. d4 cxd4 4. Nxd4 Nf6 5. Nc3 Nc6 6. Bg5 e6 7. Qd3 a6 8. Be2 Bd7 9. 0-0-0 Qa5 10. Bxf6 gxf6 11. Kb1 0-0-0 12. f4 Nxd4 13. Qxd4 Be7 14. Rhf1 Kb8 15. f5 Rc8 16. Bh5 Rhf8 17. Bg4 Rc7 18. Rd3 Rfc8 19. Rh3 d5 20. fxe6 fxe6 21. Rxh7 Rxc3 22. Rxe7 Rxc2 23. Bxe6 Rd2 24. Qxf6 Qc7 25. Qc3 Qxc3 26. bxc3 Bxe6 27. Rxe6 dxe4 28. g4 Rxh2 29. Rxe4 1/2-1/2

[Event "Wch U26 (Women)"]
[Site "Rotterdam"]
[Date "1998.08.11"]
[Round "1"]
[White "Segal, Anna"]
[Black "Calzetta Ruiz, Monica"]
[Result "1-0"]
[WhiteElo "2245"]
[BlackElo "2210"]
[PlyCount "105"]
[EventDate "1998.08.??"]
[EventType "swiss"]
[EventRounds "9"]
[EventCountry "NED"]
[SourceTitle "EXT 1999"]
[Source "ChessBase"]
[SourceDate "1998.11.16"]
[SourceVersion "1"]
[SourceVersionDate "1998.11.16"]
[SourceQuality "1"]

1. e4 c5 2. Nf3 d6 3. d4 cxd4 4. Nxd4 Nf6 5. Nc3 g6 6. Be3 Bg7 7. Be2 0-0 8. 0-0 Nc6 9. Kh1 d5 10. exd5 Nxd5 11. Nxd5 Qxd5 12. Bf3 Qc4 13. Nxc6 bxc6 14. c3 Bf5 15. Qb3 Qa6 16. Bc5 Rab8 17. Qa3 Qxa3 18. Bxa3 Rfc8 19. g4 Be6 20. Rfe1 Bf6 21. Kg2 Kf8 22. Kg3 Rb5 23. Be4 h5 24. h3 hxg4 25. hxg4 Rg5 26. f3 Kg7 27. Rh1 c5 28. Rad1 Be5+ 29. Kf2 Bxa2 30. b4 Bd6 31. Ra1 Bc4 32. Bc1 Re5 33. Bh6+ Kg8 34. Rxa7 cxb4 35. cxb4 Bxb4 36. Be3 f5 37. gxf5 gxf5 38. Bd4 Bc5 39. Bxc5 Rcxc5 40. Bb1 Re2+ 41. Kg3 Bf7 42. Kf4 Rc4+ 43. Kg3 f4+ 44. Kh4 Rg2 45. Ra5 Kf8 46. Rg5 Rb2 47. Be4 Be6 48. Re5 Bd7 49. Kg5 Rg2+ 50. Kxf4 e6 51. Reh5 Ke7 52. Rh7+ Kd6 53. Rd1+ 1-0

[Event "Olympiad Women-32"]
[Site "Yerevan"]
[Date "1996.??.??"]
[Round "5"]
[White "Lalic, Susan"]
[Black "Segal, Anna"]
[Result "1-0"]
[WhiteElo "2365"]
[BlackElo "2295"]
[PlyCount "87"]
[EventDate "1996.09.15"]
[EventType "team-swiss"]
[EventRounds "14"]
[EventCountry "ARM"]
[SourceTitle "EXT 1997"]
[Source "ChessBase"]
[SourceDate "1996.11.15"]
[SourceVersion "1"]
[SourceVersionDate "1996.11.15"]
[SourceQuality "1"]

1. e4 d6 2. d4 Nf6 3. Nc3 g6 4. Nf3 Bg7 5. Bf4 Nc6 6. Qd2 Bg4 7. 0-0-0 Bxf3 8. gxf3 e5 9. dxe5 dxe5 10. Qxd8+ Rxd8 11. Rxd8+ Kxd8 12. Be3 Nh5 13. Bh3 Nf4 14. Rd1+ Ke8 15. Bd7+ Ke7 16. Bc5+ Kf6 17. Bxc6 bxc6 18. Bxa7 Ne6 19. Be3 Ra8 20. a3 Ke7 21. Ne2 f5 22. exf5 gxf5 23. f4 e4 24. Bd4 Bh6 25. Be5 c5 26. Kb1 c4 27. Ng3 Nxf4 28. Nxf5+ Ke6 29. Nxh6 Kxe5 30. Ng4+ Ke6 31. Rd4 Rg8 32. f3 Nd5 33. Rxe4+ Kd6 34. Rxc4 Rf8 35. Rd4 c5 36. Rd1 Ke6 37. Re1+ Kd6 38. Ne5 Rf4 39. b3 Rh4 40. Nc4+ Kc6 41. Re6+ Kc7 42. Ne5 Rh5 43. Ng4 Rf5 44. c4 1-0

[Event "Olympiad Women-32"]
[Site "Yerevan"]
[Date "1996.??.??"]
[Round "9"]
[White "Repkova, Eva"]
[Black "Segal, Anna"]
[Result "1-0"]
[WhiteElo "2345"]
[BlackElo "2295"]
[PlyCount "57"]
[EventDate "1996.09.15"]
[EventType "team-swiss"]
[EventRounds "14"]
[EventCountry "ARM"]
[SourceTitle "EXT 1997"]
[Source "ChessBase"]
[SourceDate "1996.11.15"]
[SourceVersion "1"]
[SourceVersionDate "1996.11.15"]
[SourceQuality "1"]

1. e4 g6 2. d4 Bg7 3. Nf3 d6 4. Nc3 Nf6 5. Bf4 Nc6 6. Qd2 Bg4 7. Be2 0-0 8. 0-0-0 Nd7 9. Bh6 Bxf3 10. Bxf3 Nb6 11. Bxg7 Kxg7 12. h4 e5 13. dxe5 dxe5 14. Nd5 h5 15. Qe3 Qc8 16. Bxh5 Nd4 17. Be2 c6 18. Nc3 Qe6 19. Bd3 c5 20. f4 exf4 21. Qxf4 Rh8 22. g4 Nd7 23. h5 Ne5 24. h6+ Kh7 25. g5 Rhd8 26. Kb1 c4 27. Bf1 Rac8 28. Bh3 Ne2 29. Nxe2 1-0

[Event "EU-ch U20 Girls"]
[Site "Zanka"]
[Date "1995.??.??"]
[Round "10"]
[White "Benderac, Ana"]
[Black "Segal, Anna"]
[Result "1-0"]
[WhiteElo "2110"]
[BlackElo "2245"]
[PlyCount "109"]
[EventDate "1995.??.??"]
[EventType "swiss"]
[EventRounds "11"]
[EventCountry "HUN"]
[SourceTitle "EXT 1997"]
[Source "ChessBase"]
[SourceDate "1996.11.15"]
[SourceVersion "1"]
[SourceVersionDate "1996.11.15"]
[SourceQuality "1"]

1. c4 Nf6 2. Nc3 d6 3. d3 g6 4. g3 Bg7 5. Bg2 0-0 6. Rb1 c6 7. b4 Ng4 8. Qc2 f5 9. b5 e5 10. h3 Nf6 11. e3 Be6 12. Nge2 Qc8 13. a4 Nbd7 14. Ba3 c5 15. a5 Rb8 16. 0-0 Kh8 17. Bc1 e4 18. dxe4 fxe4 19. Nxe4 Nxe4 20. Bxe4 Bxh3 21. Rd1 Bg4 22. Bb2 Nf6 23. Bg2 Qe6 24. Rbc1 g5 25. Qd3 Nh5 26. Bxg7+ Nxg7 27. Rd2 Rbd8 28. Nc3 Bf5 29. Qd5 Qxd5 30. Nxd5 Rd7 31. b6 a6 32. Nc7 Ne8 33. Bxb7 Nxc7 34. bxc7 Rxc7 35. Bxa6 Rf6 36. Rcd1 Rd7 37. Bb5 Rd8 38. Bc6 Bc8 39. Bd5 Rg6 40. Rb1 Be6 41. Bxe6 Rxe6 42. a6 Kg7 43. Rb7+ Kg6 44. Ra2 Ra8 45. a7 Ree8 46. Rd7 Re6 47. Ra6 Kf5 48. Rb7 Ree8 49. Rxd6 h5 50. Rdb6 Red8 51. Kg2 Rd2 52. Ra6 Rdd8 53. Rc6 Rd2 54. Rxc5+ Kg4 55. Rg7 1-0

[Event "EU-ch U20 Girls"]
[Site "Zanka"]
[Date "1995.??.??"]
[Round "11"]
[White "Grabics, Monika"]
[Black "Segal, Anna"]
[Result "0-1"]
[WhiteElo "2315"]
[BlackElo "2245"]
[PlyCount "112"]
[EventDate "1995.??.??"]
[EventType "swiss"]
[EventRounds "11"]
[EventCountry "HUN"]
[SourceTitle "EXT 1997"]
[Source "ChessBase"]
[SourceDate "1996.11.15"]
[SourceVersion "1"]
[SourceVersionDate "1996.11.15"]
[SourceQuality "1"]

1. e4 d6 2. d4 Nf6 3. Nc3 g6 4. f3 c6 5. Be3 b5 6. Qd2 Nbd7 7. g4 Nb6 8. h4 h5 9. g5 Nfd7 10. b3 Bg7 11. Bg2 Bb7 12. f4 Qc7 13. Nge2 a6 14. f5 b4 15. Nd1 gxf5 16. 0-0 fxe4 17. g6 fxg6 18. Nf4 Nf8 19. Bxe4 0-0-0 20. Qxb4 Bf6 21. Qe1 Nbd7 22. Nc3 d5 23. Bg2 e5 24. Rd1 exf4 25. Bxf4 Qb6 26. Na4 Bxd4+ 27. Kh1 Qa7 28. Bh3 c5 29. Qa5 Bc6 30. Nb6+ Kb7 31. Nxd7 Rxd7 32. Bxd7 Bxd7 33. Qc7+ Ka8 34. Qd8+ Kb7 35. c3 Bxc3 36. Rxd5 Kc6 37. Rfd1 Ne6 38. Qe7 Re8 39. Qd6+ Kb5 40. a4+ Kb4 41. Bd2 Bxd2 42. R1xd2 Bc8 43. R5d3 Qc7 44. Rg3 Qxd6 45. Rxd6 Nf4 46. Rb6+ Ka5 47. Rb8 Bd7 48. Rxe8 Bxe8 49. Re3 Bd7 50. Kg1 Bf5 51. Re8 Kb4 52. Rb8+ Kc3 53. Kf2 Nd3+ 54. Ke2 Nb4 55. a5 Kxb3 56. Kd2 c4 0-1

[Event "EU-ch U20 Girls"]
[Site "Zanka"]
[Date "1995.??.??"]
[Round "8"]
[White "Popova, Natalija"]
[Black "Segal, Anna"]
[Result "0-1"]
[WhiteElo "2065"]
[BlackElo "2245"]
[PlyCount "102"]
[EventDate "1995.??.??"]
[EventType "swiss"]
[EventRounds "11"]
[EventCountry "HUN"]
[SourceTitle "EXT 1997"]
[Source "ChessBase"]
[SourceDate "1996.11.15"]
[SourceVersion "1"]
[SourceVersionDate "1996.11.15"]
[SourceQuality "1"]

1. e4 d6 2. d4 Nf6 3. Nc3 g6 4. f4 Bg7 5. Nf3 0-0 6. Bd3 Nc6 7. e5 dxe5 8. fxe5 Nh5 9. Be3 Bg4 10. Be2 f6 11. exf6 exf6 12. Qd2 Ne7 13. Bd3 Bxf3 14. gxf3 f5 15. 0-0-0 f4 16. Bf2 Nf5 17. Bc4+ Kh8 18. Ne4 b6 19. Kb1 Bh6 20. d5 Ne3 21. Bxe3 fxe3 22. Qc3+ Ng7 23. d6 cxd6 24. Rxd6 Qh4 25. Be2 Rad8 26. Rhd1 Rxd6 27. Nxd6 Bf4 28. a3 Qe7 29. Ne4 h5 30. h3 Qe6 31. h4 Rc8 32. Qd4 Qc6 33. Nc3 Rf8 34. Qd7 Qxd7 35. Rxd7 Nf5 36. Ne4 Nxh4 37. Rxa7 Bh6 38. Rb7 Nxf3 39. Rxb6 Nd4 40. Nc3 Rf2 41. Rb8+ Kh7 42. Rb7+ Bg7 43. Ne4 Rxe2 44. Nf6+ Kh6 45. Ng8+ Kg5 46. Rxg7 Re1+ 47. Ka2 e2 48. Re7 Rd1 49. c3 e1Q 50. Rxe1 Rxe1 51. cxd4 Re8 0-1

[Event "EU-ch U20 Girls"]
[Site "Zanka"]
[Date "1995.??.??"]
[Round "6"]
[White "Rudaityte, Ilona"]
[Black "Segal, Anna"]
[Result "0-1"]
[WhiteElo "2160"]
[BlackElo "2245"]
[PlyCount "66"]
[EventDate "1995.??.??"]
[EventType "swiss"]
[EventRounds "11"]
[EventCountry "HUN"]
[SourceTitle "EXT 1997"]
[Source "ChessBase"]
[SourceDate "1996.11.15"]
[SourceVersion "1"]
[SourceVersionDate "1996.11.15"]
[SourceQuality "1"]

1. e4 d6 2. d4 Nf6 3. Nc3 g6 4. Nf3 Bg7 5. Be2 0-0 6. 0-0 a6 7. a4 b6 8. Bg5 Bb7 9. e5 Nfd7 10. e6 fxe6 11. Bc4 Bxf3 12. Bxe6+ Kh8 13. gxf3 c5 14. Nd5 Nc6 15. c3 Nf6 16. Nxf6 exf6 17. Be3 cxd4 18. Bxd4 Nxd4 19. Qxd4 f5 20. Qd2 f4 21. Rad1 Be5 22. Kh1 Ra7 23. Rg1 Qe8 24. Bb3 b5 25. axb5 Qxb5 26. Qd5 Rb8 27. Bc4 Qxd5 28. Rxd5 Rxb2 29. Kg2 a5 30. Ra1 Bxc3 31. Rxd6 Rb4 32. Rd8+ Kg7 33. Rg8+ Kh6 0-1

[Event "EU-ch U20 Girls"]
[Site "Zanka"]
[Date "1995.??.??"]
[Round "1"]
[White "Segal, Anna"]
[Black "Bradianu Rogozenko, Ileana"]
[Result "1-0"]
[WhiteElo "2245"]
[BlackElo "2055"]
[PlyCount "43"]
[EventDate "1995.??.??"]
[EventType "swiss"]
[EventRounds "11"]
[EventCountry "HUN"]
[SourceTitle "EXT 1997"]
[Source "ChessBase"]
[SourceDate "1996.11.15"]
[SourceVersion "1"]
[SourceVersionDate "1996.11.15"]
[SourceQuality "1"]

1. e4 c5 2. Nf3 e6 3. Nc3 a6 4. d4 cxd4 5. Nxd4 Qc7 6. Be2 Nf6 7. 0-0 Be7 8. f4 d6 9. Be3 Nc6 10. Kh1 Bd7 11. Qe1 0-0 12. Qg3 Rfe8 13. e5 dxe5 14. fxe5 Nxe5 15. Bh6 g6 16. Bf4 Bd6 17. Rae1 Nd5 18. Nf5 Nxf4 19. Nxd6 Nxe2 20. Qxe5 f5 21. Nxe2 Bb5 22. c4 1-0

[Event "EU-ch U20 Girls"]
[Site "Zanka"]
[Date "1995.??.??"]
[Round "7"]
[White "Segal, Anna"]
[Black "Toth, Adrienn"]
[Result "1-0"]
[WhiteElo "2245"]
[BlackElo "2065"]
[PlyCount "37"]
[EventDate "1995.??.??"]
[EventType "swiss"]
[EventRounds "11"]
[EventCountry "HUN"]
[SourceTitle "EXT 1997"]
[Source "ChessBase"]
[SourceDate "1996.11.15"]
[SourceVersion "1"]
[SourceVersionDate "1996.11.15"]
[SourceQuality "1"]

1. e4 c5 2. Nf3 e6 3. Nc3 Nc6 4. Bb5 Qc7 5. 0-0 Nf6 6. Re1 a6 7. Bxc6 Qxc6 8. d4 Be7 9. d5 Qb6 10. d6 Bd8 11. e5 Ng8 12. a4 f6 13. a5 Qa7 14. Be3 fxe5 15. b4 Nf6 16. Nxe5 b5 17. axb6 Bxb6 18. bxc5 Bxc5 19. Nb5 1-0

[Event "Rishon Le Ziyyon (Women)"]
[Site "Rishon Le Ziyyon"]
[Date "1995.??.??"]
[Round "1"]
[White "Tsifanskaya, Ludmila A"]
[Black "Segal, Anna"]
[Result "1-0"]
[WhiteElo "2245"]
[BlackElo "2320"]
[PlyCount "59"]
[EventDate "1995.??.??"]
[EventType "match"]
[EventRounds "6"]
[EventCountry "ISR"]
[SourceTitle "EXT 1998"]
[Source "ChessBase"]
[SourceDate "1997.11.17"]
[SourceVersion "1"]
[SourceVersionDate "1997.11.17"]
[SourceQuality "1"]

1. e4 d6 2. d4 Nf6 3. Nc3 g6 4. g3 Bg7 5. Bg2 c5 6. dxc5 dxc5 7. Qxd8+ Kxd8 8. Be3 Nfd7 9. 0-0-0 Bxc3 10. bxc3 Kc7 11. Nf3 Nc6 12. Ng5 Nd8 13. e5 Rb8 14. Nxf7 Nxf7 15. e6 Nd6 16. exd7 Bxd7 17. Bxc5 Bc6 18. Rhe1 Bxg2 19. Rxe7+ Kc6 20. Bxd6 Rbe8 21. Rc7+ Kb6 22. c4 Re2 23. Rd3 a6 24. f3 Re1+ 25. Kb2 Ka7 26. Rb3 Ka8 27. Rbxb7 Re6 28. Ra7+ Kb8 29. Rcb7+ Kc8 30. Rb8# 1-0

[Event "Olympiad Women-31"]
[Site "Moscow"]
[Date "1994.12.11"]
[Round "10"]
[White "Arakhamia Grant, Ketevan"]
[Black "Segal, Anna"]
[Result "1/2-1/2"]
[WhiteElo "2450"]
[BlackElo "2220"]
[PlyCount "119"]
[EventDate "1994.12.01"]
[EventType "team-swiss"]
[EventRounds "14"]
[EventCountry "RUS"]
[SourceTitle "EXT 2019"]
[Source "ChessBase"]
[SourceDate "2018.10.10"]
[SourceVersion "1"]
[SourceVersionDate "2018.10.10"]
[SourceQuality "1"]
[WhiteTeam "Georgia (W)"]
[BlackTeam "Israel (W)"]
[WhiteTeamCountry "GEO"]
[BlackTeamCountry "ISR"]

1. e4 d6 2. d4 Nf6 3. Nc3 g6 4. Be3 a6 5. Qd2 b5 6. f3 Nbd7 7. a4 b4 8. Nd1 a5 9. Bb5 Bb7 10. d5 Bg7 11. Ne2 0-0 12. Nd4 Ne5 13. 0-0 Rc8 14. c3 bxc3 15. Qxc3 e6 16. dxe6 Qe7 17. exf7+ Rxf7 18. Qxa5 c5 19. Ne2 d5 20. exd5 Nxd5 21. Qd2 Nxe3 22. Qxe3 c4 23. Rc1 Qb4 24. Rc2 Kh8 25. Nd4 Re7 26. Qa3 Qxa3 27. bxa3 Nf7 28. Ne2 Nd6 29. Ndc3 Nf5 30. Rb1 Nd4 31. Nxd4 Bxd4+ 32. Kf1 Bc5 33. Bxc4 Bd6 34. Nb5 Bxh2 35. Re2 Rg7 36. Be6 Re8 37. Rd1 Ba6 38. Rd7 Bg3 39. Rxg7 Kxg7 40. Bc4 Rd8 41. Re7+ Kh6 42. Ke2 Rc8 43. Kd3 Bxb5 44. axb5 Ra8 45. a4 Rxa4 46. Bg8 Rb4 47. Rxh7+ Kg5 48. Rb7 Rb2 49. Bd5 Kh6 50. Be4 Rxg2 51. Rb6 Bc7 52. Rc6 Bf4 53. b6 Kh5 54. b7 Rd2+ 55. Kc4 Rb2 56. Bxg6+ Kh4 57. Be4 Rxb7 58. Rg6 Rc7+ 59. Kd5 Bg5 60. Rg8 1/2-1/2

[Event "Olympiad Women-31"]
[Site "Moscow"]
[Date "1994.12.09"]
[Round "8"]
[White "Jelica, Mara"]
[Black "Segal, Anna"]
[Result "0-1"]
[WhiteElo "2140"]
[BlackElo "2220"]
[PlyCount "96"]
[EventDate "1994.12.01"]
[EventType "team-swiss"]
[EventRounds "14"]
[EventCountry "RUS"]
[SourceTitle "EXT 2019"]
[Source "ChessBase"]
[SourceDate "2018.10.10"]
[SourceVersion "1"]
[SourceVersionDate "2018.10.10"]
[SourceQuality "1"]
[WhiteTeam "Bosnia&Herzegovina (W)"]
[BlackTeam "Israel (W)"]
[WhiteTeamCountry "BIH"]
[BlackTeamCountry "ISR"]

1. e4 d6 2. d4 Nf6 3. Nc3 g6 4. f3 a6 5. Be3 b5 6. g4 h5 7. g5 Nfd7 8. h4 Bg7 9. Qd2 Nb6 10. Qf2 Bb7 11. 0-0-0 N8d7 12. Kb1 b4 13. Nce2 Nc4 14. Bc1 Ndb6 15. Ng3 a5 16. b3 Na3+ 17. Bxa3 bxa3 18. Bd3 0-0 19. f4 c5 20. Nf3 c4 21. Be2 Qc7 22. Qe3 Rac8 23. Rc1 e6 24. Nd2 Ba6 25. c3 Qa7 26. Rh2 Rc7 27. f5 exf5 28. exf5 Nd5 29. Qf3 Nxc3+ 30. Qxc3 Bxd4 31. Qxa5 Be5 32. Bxc4 Bxc4 33. Nxc4 Qd4 34. Qxc7 Qa1+ 35. Kc2 Qxa2+ 36. Kd1 Qxh2 37. Nf1 Qf2 38. Nfd2 a2 39. Nxe5 Qg1+ 40. Ke2 Qh2+ 41. Kd3 Qxe5 42. Qc3 Qxf5+ 43. Ke2 Re8+ 44. Kd1 Qg4+ 45. Nf3 Qg2 46. Nd2 Qh1+ 47. Kc2 Re1 48. Qc8+ Kh7 0-1

[Event "Olympiad Women-31"]
[Site "Moscow"]
[Date "1994.12.06"]
[Round "6"]
[White "Segal, Anna"]
[Black "Alexieva, Silvia"]
[Result "1-0"]
[WhiteElo "2220"]
[BlackElo "2265"]
[PlyCount "57"]
[EventDate "1994.12.01"]
[EventType "team-swiss"]
[EventRounds "14"]
[EventCountry "RUS"]
[SourceTitle "EXT 2019"]
[Source "ChessBase"]
[SourceDate "2018.10.10"]
[SourceVersion "1"]
[SourceVersionDate "2018.10.10"]
[SourceQuality "1"]
[WhiteTeam "Israel (W)"]
[BlackTeam "Bulgaria (W)"]
[WhiteTeamCountry "ISR"]
[BlackTeamCountry "BUL"]

1. e4 c5 2. Nf3 e6 3. d4 cxd4 4. Nxd4 Nf6 5. Nc3 d6 6. Be2 a6 7. 0-0 Be7 8. Be3 0-0 9. Kh1 Qc7 10. f4 Nc6 11. Qe1 Re8 12. Qg3 g6 13. f5 Bd7 14. Rad1 Nxd4 15. Bxd4 e5 16. fxg6 fxg6 17. Be3 Be6 18. Bg5 Kg7 19. Qh4 Ng8 20. Bg4 Bc4 21. Rf3 Rf8 22. Rxf8 Rxf8 23. h3 Rf7 24. b3 Bxb3 25. cxb3 Qxc3 26. Be6 Qc2 27. Rg1 Qxa2 28. Bxf7 Kxf7 29. Qxh7+ 1-0

[Event "Olympiad Women-31"]
[Site "Moscow"]
[Date "1994.12.03"]
[Round "3"]
[White "Qin, Kanying"]
[Black "Segal, Anna"]
[Result "1/2-1/2"]
[WhiteElo "2375"]
[BlackElo "2220"]
[PlyCount "80"]
[EventDate "1994.12.01"]
[EventType "team-swiss"]
[EventRounds "14"]
[EventCountry "RUS"]
[SourceTitle "EXT 2019"]
[Source "ChessBase"]
[SourceDate "2018.10.10"]
[SourceVersion "1"]
[SourceVersionDate "2018.10.10"]
[SourceQuality "1"]
[WhiteTeam "China (W)"]
[BlackTeam "Israel (W)"]
[WhiteTeamCountry "CHN"]
[BlackTeamCountry "ISR"]

1. e4 d6 2. d4 Nf6 3. Nc3 g6 4. Be3 c6 5. f3 Nbd7 6. g4 b5 7. h4 Nb6 8. h5 b4 9. Nce2 a5 10. Ng3 Na4 11. c4 Nb6 12. hxg6 fxg6 13. g5 Ng8 14. Qc2 Qc7 15. f4 Bg7 16. c5 dxc5 17. dxc5 Nd7 18. Bc4 Nf8 19. Qb3 e6 20. e5 Ne7 21. Ne4 Nd5 22. Nd6+ Ke7 23. Bxd5 exd5 24. Ne2 Bg4 25. Rh4 Bxe2 26. Kxe2 Qd7 27. Rah1 Rd8 28. Kd2 Rg8 29. Kc1 Qa7 30. Rd1 Rb8 31. Qa4 Qa6 32. Bd4 Ne6 33. Kb1 b3 34. a3 Rgf8 35. Bc3 Nxc5 36. Qxa5 Qxa5 37. Bxa5 Kd7 38. Rxh7 Ne6 39. Ne4 Rh8 40. Nc5+ Ke7 1/2-1/2

[Event "Olympiad Women-31"]
[Site "Moscow"]
[Date "1994.12.02"]
[Round "2"]
[White "Stockova, Zuzana"]
[Black "Segal, Anna"]
[Result "1/2-1/2"]
[WhiteElo "2170"]
[BlackElo "2220"]
[PlyCount "100"]
[EventDate "1994.12.01"]
[EventType "team-swiss"]
[EventRounds "14"]
[EventCountry "RUS"]
[SourceTitle "EXT 2019"]
[Source "ChessBase"]
[SourceDate "2018.10.10"]
[SourceVersion "1"]
[SourceVersionDate "2018.10.10"]
[SourceQuality "1"]
[WhiteTeam "Slovakia (W)"]
[BlackTeam "Israel (W)"]
[WhiteTeamCountry "SVK"]
[BlackTeamCountry "ISR"]

1. e4 d6 2. d4 Nf6 3. Nc3 g6 4. Bg5 Bg7 5. Qd2 h6 6. Bh4 c6 7. f4 b5 8. Bd3 0-0 9. h3 Bb7 10. e5 dxe5 11. dxe5 b4 12. Nce2 Nd5 13. Nf3 Na6 14. Bf2 Nb6 15. Ng3 Qd5 16. Qe2 Nc5 17. Bxc5 Qxc5 18. f5 Nd5 19. Qe4 Qe3+ 20. Qxe3 Nxe3 21. Kf2 Nxf5 22. Bxf5 gxf5 23. Nxf5 Rfe8 24. Rad1 Bc8 25. Nxg7 Kxg7 26. Rd4 a5 27. Rc4 Bb7 28. Rd1 Red8 29. Rcd4 Rd5 30. Rg4+ Kf8 31. Rxd5 cxd5 32. Rh4 Ra6 33. Nd4 Bc8 34. Rf4 Kg7 35. Ke3 Rg6 36. g4 h5 37. Kf3 hxg4+ 38. hxg4 Rh6 39. Kg2 Rh4 40. Kg3 Rh1 41. Nc6 Rg1+ 42. Kf3 Ra1 43. Nxa5 Rxa2 44. Nc6 Rxb2 45. Nxb4 Be6 46. Rd4 f6 47. exf6+ Kxf6 48. Rf4+ Kg7 49. Rd4 Bf7 50. Nxd5 Bxd5+ 1/2-1/2